| LEADER | 00431cam a2200157 7i4500 | ||
|---|---|---|---|
| 001 | 0000003780 | ||
| 005 | 19991025090000.0 | ||
| 002 | ##000005177 | ||
| 020 | 0 | 0 | |a T000004591 |
| 090 | 0 | 0 | |a JAPN 380.1 |b MAR |
| 245 | 0 | 0 | |a Marketing guidebook for major imported products : |b March 1993.. |
| 260 | 0 | 0 | |a Tokyo: |b JETRO, |c 1993. |
| 300 | 0 | 0 | |a 609 p.. |
| 650 | 0 | 0 | |a Marketing |
| 651 | 0 | 0 | |a Japan |
| 999 | |a 000005825 |b Book |c Open shelf |e Business Information Centre | ||